000 00282nam a22001337a 4500
008 180924b xxu||||| |||| 00| 0 eng d
020 _a9780803212336
041 _aeng
080 _a574
100 _a9
101 _aMJE
245 _aFuture Harvest
_cBender, J
942 _2udc
_cBK
999 _c48374
_d48374